000 00891nam a22003017a 4500
003 CHAP
005 20220329135125.0
008 971013s1972 r 00010 d
010 _a31304
011 _a32276
035 _a36389
040 _cCHAP
082 _a632.951
_bM37 1972
100 0 0 _aMartín, Hubert.
_971735
245 _aInsecticide and fungicide handbook for crop protection
250 _a4 ed.
260 _aOxford :
_bBlackwell,
_c1972
300 _a415 p
590 _aBATCH-UPD
_b10
_c20130110
_lUCH01
_h1630
590 _aBATCH-UPD
_b10
_c20130410
_lUCH01
_h1023
590 _aBATCH-UPD
_b10
_c20130914
_lUCH01
_h1450
590 _aCONVERSION
_b10
_c20130109
_lUCH01
_h1318
650 1 4 _aFungicidas.
_944044
650 1 4 _aInsecticidas.
_958855
901 _aBK
942 _cLIBRO
949 _a632.951 M37 1972
_bBC
_cLIBRO
_d33724000186953
_eLIBRO
_h18707
_i36389
_si
_t192.00
999 _c31304
_d31304